000 00805nam a2200277Ia 4500
003 OSt
005 20220918164343.0
006 a|||||r|||| 00| 0
007 ta
008 220917b |||||||| |||| 00| 0 eng d
020 _a0521646375 (pbk)
024 _a190,726
037 _cTextual
040 _aARTS
_cARTS
_beng
041 _2eng
_aeng
082 _aV1.N75<-N65, N8
100 _aFink Carole Ed.
_918549
245 0 _a1968 the world transformed
260 _aWashington
_bCambridge University Press
_c1998
300 _axi;490p.
_ccm.
650 _aHISTORY
700 _a Gassert Philipp Ed.
_918550
700 _a Junker Detlef Ed.
_918551
942 _hV1.N75<-N65, N8
_cTEXL
_2CC
999 _c124439
_d124439